Największe miasta Kolumbii z mapą - Statystyki

Ogólne statystyki
  • Ten quiz został rozwiązany 734 razy
  • Średni wynik to 5 z 20
Odpowiedzi na mapie
Odpowiedzi zakodowano w zielono-czerwonej skali na mapie do tego quizu, zgodnie z poniższymi procentami.
 
Statystyki odpowiedzi
Populacja Miasto % Poprawnych
7 963 400 Bogotá
99%
2 457 700 Medellín
81%
2 358 300 Cali
60%
1 219 400 Barranquilla
43%
971 600 Kartagena
38%
634 300 Cúcuta
20%
521 900 Bucaramanga
18%
474 500 Santa Marta
18%
371 000 Pasto
17%
398 700 Pereira
17%
528 200 Ibagué
15%
346 900 Montería
14%
631 600 Soledad
14%
395 900 Valledupar
14%
373 700 Buenaventura
13%
370 000 Manizales
13%
516 400 Soacha
13%
471 400 Villavicencio
13%
458 200 Bello
12%
324 400 Neiva
12%
Nie znaleziono quizów pasujących do podanych kryteriów
Rozkład punktacji
Procent ludzi z każdym wynikiem
Percentyl według liczby udzielonych odpowiedzi
Twoja historia wyników
Nie rozwiązałeś tego quizu